000 00435cam a2200169ua 4500
020 _c3.50
041 _amal
_h
082 _a551.63
_bROU/MA
100 _aRousin, N .
245 _aManushyanum kalavasthayum /
_cN Rousin.
_hTextual Documents
260 _aThiruvananthapuram :
_bState Instititute of Languages ,
_c1973.
300 _a127 ; .
365 _a3.50
700 1 _aFlit, L .
942 _cBK
999 _c4699
_d4699